000 00699nam a2200217 a 4500
999 _c8662
_d8662
001 8662
003 BD-JhCC
005 20180307085627.0
008 180301s1992 bg a|||| ||a| 000 0 ben d
035 _a(BD-JhCC)8662
040 _aBD-JhCC
_dBD-JhCC
041 _aben
082 _a338.5
_bRAH 1992
100 _aরহমান, এম. আজিজুর
245 _aআধুনিক ব্যষ্টিক অর্থনীতি প্রথম খণ্ড /
_cএম. আজিজুর রহমান,
260 _aঢাকা :
_bবাংলা একাডেমী,
_c1992
300 _a608 p. :
_c24 cm.
650 _aMicroeconomics
942 _2ddc
_cBK